Fisica V. ll / (Registro nro. 29291)

Detalles MARC
000 -LÍDER
fixed length control field 00585nam a22002177a 4500
003 - IDENTIFICADOR DEL NÚMERO DE CONTROL
control field ITZ
005 - FECHA Y HORA DE LA ULTIMA TRANSACCIÓN
Campo de control 20240216142539.0
008 - ELEMENTOS DE LONGITUD FIJA -- INFORMACIÓN GENERAL
fixed length control field 240216b |||||||| |||| 00| 0 spa d
020 ## - NÚMERO INTERNACIONAL NORMALIZADO PARA LIBROS
ISBN 978-1-4562-8496-1
035 ## - Número de ficha (Janium)
Número de ficha (Janium) 17677
041 ## - CÓDIGO DE IDIOMA
Código de idioma para texto/pista de sonido o título separado spa
050 ## - SIGNATURA TOPOGRAFICA DE LA BIBLIOTECA DEL CONGRESO (LC)
Número de Clasificación QC793.3C58
Cutter M667 2021
082 ## - NUMERO DE CLASIFICACION DECIMAL DEWEY
Número de Clasificación 530
Cutter M821f 2021
100 1# - ASIENTO PRINCIPAL--NOMBRE PERSONAL
Nombre personal Moore, Thomas A.
245 ## - TÍTULO
Título Fisica V. ll /
Mención de responsabilidad, etc. Thomas A. Moore
250 ## - MENCIÓN DE EDICIÓN
Mención de edición 1 Español / 3 Ingles
260 ## - PUBLICACIÓN, DISTRIBUCIÓN, ETC. (PIE DE IMPRENTA)
Lugar de publicación, distribución, etc. Mexico:
Nombre del editor, distribuidor, etc. Mc Graw Hill
Fecha de publicación, distribución, etc. 2021
300 ## - DESCRIPCIÓN FÍSICA
Extensión xxvll, 621p.
Otros detalles físicos il. /
Dimensiones 27 cm
650 ## - ASIENTO SECUNDARIO DE MATERIA - TERMINO TEMÁTICO
Término temático o nombre geográfico como elemento de entrada 1. LEYES DE LA CONSERVACION(FISICA)-MANUALES
942 ## - TIPO DE MATERIAL (KOHA)
Koha item type Libros
Existencias
Volumen No. biblioteca No. biblioteca Número de clasificación Código de barras/Número de adquisición Número de copia Tipo de material Otras carreras
2 ÁREA DE BÁSICAS LUIS G. INCLAN 530 M821f 2021 54638 3 Libros LUIS G. INCLAN
2 ÁREA DE BÁSICAS ÁREA DE BÁSICAS 530 M821f 2021 54636 1 Libros LUIS G. INCLAN
2 ÁREA DE BÁSICAS ÁREA DE BÁSICAS 530 M821f 2021 54637 2 Libros LUIS G. INCLAN
2 ÁREA DE BÁSICAS ÁREA DE BÁSICAS 530 M821f 2021 54639 4 Libros LUIS G. INCLAN
Calzada Tecnológico # 27, Zacatepec, Morelos.
01(734) 343-07-23 / 343-21-10 / 343-21-11
Apdo. Postal 45 C.P 62780